00338nam a2200121Ia 450000500170000000800410001708200130005810000200007124500320009126000500012330000140017350000290018720250402003316.0240331s9999 xx 000 0 und d bVACa894 aVachchiravel, S 0aPennin perumai :borr aaivu aTharmapooribVasantha selvi Pathippagamc1988 a114 p ., aPengal patriya oru aayvu